Statistics for Countries' Best Men's/Women's FIFA World Cup Performances

Click here to take the quiz!

General Stats

  • This quiz has been taken 9 times
  • The average score is 25 of 37

Answer Stats

HintAnswer% Correct
ArgentinaMen's
100%
FranceMen's
100%
BrazilMen's
100%
PortugalMen's
100%
ChileMen's
100%
MexicoMen's
100%
Costa RicaMen's
100%
ItalyMen's
100%
GhanaMen's
100%
NorwayWomen's
100%
JapanWomen's
100%
AustraliaWomen's
100%
United StatesWomen's
100%
CanadaWomen's
100%
ChinaWomen's
100%
EcuadorMen's
89%
RussiaMen's
89%
MoroccoMen's
89%
EnglandMen's
78%
SwitzerlandMen's
78%
South KoreaMen's
78%
IrelandMen's
78%
CameroonMen's
78%
SpainTie
56%
GermanyTie
56%
NetherlandsTie
56%
JamaicaWomen's
44%
PanamaTie
33%
SwedenTie
33%
ColombiaTie
22%
DenmarkTie
22%
South AfricaWomen's
22%
North KoreaTie
11%
ScotlandTie
11%
Ivory CoastTie
11%
NigeriaWomen's
11%
HaitiTie
0%

Score Distribution

Percentile by Number Answered

Percent of People with Each Score

Your Score History

You have not taken this quiz